000 00333nam a2200121Ia 4500
008 190216s9999||||xx |||||||||||||| ||und||
100 _aKrishnan Arora
245 0 _aPractical Transistor Receiver Assembling And Servicing
260 _bRadio Television Training Centre Agra
_c1986
300 _a87p
650 _aPhysics
942 _cBK
999 _c33069
_d33069